| 000 | 00861nam a22001937a 4500 | ||
|---|---|---|---|
| 003 | OSt | ||
| 005 | 20210420121532.0 | ||
| 008 | 210420s1981 ec ao||gr|||| 10| 0 spa d | ||
| 040 |
_aCO-JMCR _cCO-JMCR |
||
| 041 | 0 | _aspa | |
| 082 | 0 | 4 |
_a343.04 / _bJ828m _223 |
| 111 | 2 |
_aJornadas del Instituto Latinoamericano de Derecho Tributario _n(10a : _d1981 : _cQuito) _937008 |
|
| 245 | 1 | 0 |
_aMemoria de las X Jornadas del Instituto Latinoamericano de Derecho Tributario / _cInstituto Latinoamericano de Derecho Tributario |
| 260 |
_aQuito : _bInstituto Latinoamericano de Derecho Tributario, _c1981 |
||
| 300 |
_a439 páginas : _bilustraciones y fotografías a blanco y negro ; _c22 cm. |
||
| 505 | 0 | _aRegularización de balances -- Infracciones tributarias y sus sanciones | |
| 650 | 1 | 4 |
_aDerecho tributario _vCongresos, conferencias, etc. _y1981 _937009 |
| 942 |
_2ddc _cBK |
||
| 999 |
_c15548 _d15548 |
||